000 00461nam a2200157Ia 4500
008 240126s9999 xx 000 0 und d
022 _a0976-5174
041 _aEnglish
082 _aLIBRARY-MBA
245 0 _aVimarsh : An Endeavour to Share Knowledge (2013 -
260 _bSchool Business Management, IFTM University
_aMoradabad
440 _aNULL
650 _aManagement
650 _aVimarsh,Endeavour,Share,Knowledge,(2013,-,Management
942 _cJN
999 _c290464
_d290464